Podľa trenčianskych respondentov sa trhová ekonomika spája s konkurenciou a nezamestnanosťou Z výsledkov prieskumu Ekonomickej univerzity v Bratislave a City University v Trenčíne

Dotazníkový prieskum zameraný na zistenie stanovísk občanov k trhovej ekonomike a ich porovnanie so stanoviskami študentov City University v Trenčíne. Prieskum pripravila Ekonomická univerzita v Bratislave v januári 1994. Výsledky výskumu, tabuľky.

Na minha lista:
Detalhes bibliográficos
Autor principal: Luknič, Arnold Steve
Formato: Capítulo de Livro
Idioma:eslovaco
Assuntos:
Tags: Adicionar Tag
Sem tags, seja o primeiro a adicionar uma tag!

MARC

LEADER 00000naa a2200000 4500
001 r014639
005 20221205091238.4
041 0 |a slo 
044 |a SK 
245 1 0 |a Podľa trenčianskych respondentov sa trhová ekonomika spája s konkurenciou a nezamestnanosťou  |b Z výsledkov prieskumu Ekonomickej univerzity v Bratislave a City University v Trenčíne  |c Arnold Luknič 
520 |a Dotazníkový prieskum zameraný na zistenie stanovísk občanov k trhovej ekonomike a ich porovnanie so stanoviskami študentov City University v Trenčíne. Prieskum pripravila Ekonomická univerzita v Bratislave v januári 1994. Výsledky výskumu, tabuľky. 
610 2 0 |a hospodárstvo trhové 
610 2 0 |a konkurencia 
610 2 0 |a nezamestnanosť 
610 2 0 |a dotazníky 
610 2 0 |a študenti 
610 2 0 |a City University Trenčín 
610 2 0 |a Ekonomická univerzita v Bratislave 
100 1 |a Luknič, Arnold Steve